[Event "Voronezh Petrovsky op"]
[Site "Voronezh"]
[Date "2022.06.10"]
[Round "1"]
[White "Zisin, Oleg"]
[Black "Aminov, Andrey"]
[Result "0-1"]
[WhiteElo "2008"]
[BlackElo "2349"]
[PlyCount "74"]
[EventDate "2022.06.10"]
[EventType "swiss"]
[EventRounds "9"]
[EventCountry "RUS"]
[SourceTitle "EXT 2023"]
[Source "ChessBase"]
[SourceDate "2022.10.05"]
[SourceVersion "1"]
[SourceVersionDate "2022.10.05"]
[SourceQuality "1"]

1. e4 g6 2. d4 Bg7 3. Nc3 d6 4. Be3 a6 5. a4 Nf6 6. Qd2 0-0 7. Bh6 Bxh6 8. Qxh6 c5 9. dxc5 Qa5 10. Bd3 Qxc5 11. Qf4 Qb4 12. Nge2 Qxb2 13. 0-0 Qb4 14. a5 Nc6 15. Rfb1 Qc5 16. Na4 Qe5 17. Qd2 Nxe4 18. Bxe4 Qxe4 19. Nb6 Rb8 20. Ra4 Qe5 21. Rh4 Qf6 22. Qh6 Qg7 23. Qd2 e5 24. Qxd6 Be6 25. Qc5 Rfd8 26. Nc3 Qf8 27. Qe3 Rd4 28. Qg3 Qa3 29. Ne4 Qxg3 30. hxg3 Bf5 31. Nf6+ Kg7 32. Rxd4 exd4 33. Nfd7 Rd8 34. Nc5 Bxc2 35. Ra1 d3 36. Nxb7 d2 37. Nxd8 Nxd8 0-1

[Event "Voronezh op-B 20th"]
[Site "Voronezh"]
[Date "2016.06.18"]
[Round "6"]
[White "Zisin, Oleg"]
[Black "Makarkin, Zhan"]
[Result "0-1"]
[WhiteElo "1766"]
[BlackElo "2094"]
[PlyCount "78"]
[EventDate "2016.06.12"]
[EventType "swiss"]
[EventRounds "9"]
[EventCountry "RUS"]
[SourceTitle "EXT 2017"]
[Source "ChessBase"]
[SourceDate "2016.10.25"]
[SourceVersion "1"]
[SourceVersionDate "2016.10.25"]
[SourceQuality "1"]

1. e4 e5 2. Nf3 Nc6 3. d4 exd4 4. Bc4 Bc5 5. c3 d6 6. cxd4 Bb6 7. h3 Qf6 8. Be3 h6 9. Nc3 Nge7 10. Qd2 Bd7 11. Rd1 Rd8 12. Be2 0-0 13. g4 Rfe8 14. g5 hxg5 15. Bxg5 Qg6 16. Rg1 Qh7 17. Bf6 g6 18. Qg5 Kf8 19. Nh2 Rc8 20. Bg4 Bxg4 21. Rxg4 Qh5 22. Rh4 Qxg5 23. Rh8+ Ng8 24. Bxg5 Bxd4 25. Rh4 f6 26. Bd2 g5 27. Rg4 Nh6 28. Rg1 Bxc3 29. Bxc3 Rxe4+ 30. Kf1 Kf7 31. Nf3 Rc4 32. Rd5 Ne7 33. Rd3 Nhf5 34. Ke2 c5 35. Nh2 d5 36. b3 Re4+ 37. Kd2 d4 38. Bb2 Nd5 39. a3 Nf4 0-1

[Event "Voronezh op-B 19th"]
[Site "Voronezh"]
[Date "2015.06.19"]
[Round "7"]
[White "Zisin, Oleg"]
[Black "Rybakova, Polina"]
[Result "1-0"]
[WhiteElo "1631"]
[BlackElo "1903"]
[PlyCount "179"]
[EventDate "2015.06.12"]
[EventType "swiss"]
[EventRounds "9"]
[EventCountry "RUS"]
[SourceTitle "CBM 167 Extra"]
[Source "ChessBase"]
[SourceDate "2015.09.14"]
[SourceVersion "1"]
[SourceVersionDate "2015.09.14"]
[SourceQuality "1"]

1. e4 c5 2. Nf3 d6 3. d4 cxd4 4. Qxd4 Nc6 5. Bb5 Bd7 6. Bxc6 Bxc6 7. Nc3 e6 8. Bg5 Qb6 9. 0-0 Qxd4 10. Nxd4 h6 11. Be3 Nf6 12. Ndb5 Bxb5 13. Nxb5 Kd7 14. e5 Ng4 15. Nxd6 Nxe5 16. Nxb7 Nc4 17. Nc5+ Kc6 18. Nd3 Bd6 19. Rfe1 e5 20. b3 Na3 21. Rac1 e4 22. Nf4 Nb5 23. Ne2 Rhd8 24. c4 Nc7 25. Nd4+ Kb7 26. c5 Be5 27. c6+ Kc8 28. Nf5 Nd5 29. Red1 Nc3 30. Rxd8+ Kxd8 31. Rc2 Kc7 32. g3 Rd8 33. Bxa7 Kxc6 34. Bd4 Bxd4 35. Nxd4+ Rxd4 36. Rxc3+ Kb6 37. a4 f5 38. h4 g5 39. hxg5 hxg5 40. f3 f4 41. gxf4 gxf4 42. fxe4 Rxe4 43. Kf2 Rb4 44. Ke2 Rd4 45. Rc4 f3+ 46. Ke3 Rd5 47. Rc3 Rh5 48. Kf2 Rh2+ 49. Kg3 f2 50. Rf3 f1Q 51. Rxf1 Rb2 52. Rf3 Ka5 53. Rf5+ Ka6 54. Rb5 Rd2 55. Kf4 Rf2+ 56. Ke3 Rf7 57. Kd4 Rh7 58. Re5 Rh3 59. Kc4 Rh7 60. Rd5 Rc7+ 61. Rc5 Rh7 62. Rc6+ Kb7 63. Kb5 Rh3 64. b4 Rb3 65. Rf6 Rb1 66. a5 Rb2 67. a6+ Ka7 68. Rf7+ Ka8 69. Ka5 Re2 70. b5 Re5 71. Rc7 Kb8 72. Rg7 Rf5 73. Rg6 Ka7 74. Rd6 Rf4 75. Rd7+ Kb8 76. Kb6 Rf6+ 77. Kc5 Rf1 78. Rd6 Rc1+ 79. Kb6 Rc8 80. Rc6 Rg8 81. Rf6 Re8 82. Rf5 Re6+ 83. Ka5 Re8 84. b6 Rd8 85. a7+ Kb7 86. Rf7+ Kc6 87. Rc7+ Kd6 88. Rb7 Kc6 89. Rb8 Rd5+ 90. Ka6 1-0

[Event "Voronezh op-B 18th"]
[Site "Voronezh"]
[Date "2014.06.15"]
[Round "4"]
[White "Savenko, Ivan"]
[Black "Zisin, Oleg"]
[Result "1/2-1/2"]
[WhiteElo "1641"]
[BlackElo "1836"]
[PlyCount "72"]
[EventDate "2014.06.12"]
[EventType "swiss"]
[EventRounds "9"]
[EventCountry "RUS"]
[SourceTitle "EXT 2015"]
[Source "ChessBase"]
[SourceDate "2014.11.20"]
[SourceVersion "1"]
[SourceVersionDate "2014.11.20"]
[SourceQuality "1"]

1. d4 Nf6 2. Nf3 g6 3. Bg5 Bg7 4. Bxf6 Bxf6 5. e4 d6 6. Bd3 Nc6 7. c3 0-0 8. Nbd2 Bg7 9. h3 e5 10. d5 Ne7 11. g4 f5 12. g5 fxe4 13. Bxe4 Bf5 14. Qe2 Bxe4 15. Qxe4 Rf4 16. Qd3 Qd7 17. Ne4 Raf8 18. Nfd2 Nf5 19. 0-0-0 Nh4 20. Rdf1 Nf3 21. Qe2 b5 22. Nxf3 Rxf3 23. Nd2 R3f4 24. h4 b4 25. c4 Qa4 26. Kb1 Rb8 27. Nb3 Rb6 28. h5 Ra6 29. Kc2 e4 30. Ra1 Bd4 31. Rh2 Bxb2 32. Kxb2 Rf3 33. Qd1 Rd3 34. Qc2 Rc3 35. Qd1 Rd3 36. Qc2 Rc3 1/2-1/2

[Event "Voronezh op-B 18th"]
[Site "Voronezh"]
[Date "2014.06.14"]
[Round "3"]
[White "Zisin, Oleg"]
[Black "Abramova, Yulia"]
[Result "0-1"]
[WhiteElo "1836"]
[BlackElo "1948"]
[PlyCount "60"]
[EventDate "2014.06.12"]
[EventType "swiss"]
[EventRounds "9"]
[EventCountry "RUS"]
[SourceTitle "EXT 2015"]
[Source "ChessBase"]
[SourceDate "2014.11.20"]
[SourceVersion "1"]
[SourceVersionDate "2014.11.20"]
[SourceQuality "1"]

1. e4 c5 2. Nf3 Nc6 3. Bb5 e5 4. c4 Bd6 5. Nc3 Nge7 6. d3 0-0 7. Bg5 f6 8. Bh4 Nd4 9. 0-0 Bc7 10. Nxd4 exd4 11. Ne2 a6 12. Ba4 Kh8 13. f4 b5 14. Bb3 bxc4 15. Bxc4 d5 16. Bxd5 Nxd5 17. exd5 Qxd5 18. b3 Bg4 19. Qd2 Qh5 20. Ng3 Qxh4 21. Rae1 g5 22. fxg5 fxg5 23. Re7 Bf4 24. Qe1 Bf5 25. Rb7 Rae8 26. Qa5 Bc8 27. Ra7 Be3+ 28. Kh1 Rxf1+ 29. Nxf1 Qf2 30. Nxe3 Qxe3 0-1

[Event "Voronezh op-B 17th"]
[Site "Voronezh"]
[Date "2013.06.13"]
[Round "2"]
[White "Zisin, Oleg"]
[Black "Tkachenko, Evgeniy"]
[Result "0-1"]
[WhiteElo "1837"]
[BlackElo "2242"]
[PlyCount "130"]
[EventDate "2013.06.12"]
[EventType "swiss"]
[EventRounds "9"]
[EventCountry "RUS"]
[SourceTitle "EXT 2014"]
[Source "ChessBase"]
[SourceDate "2013.11.20"]
[SourceVersion "1"]
[SourceVersionDate "2013.11.20"]
[SourceQuality "1"]

1. e4 c5 2. c3 d5 3. exd5 Qxd5 4. d4 cxd4 5. cxd4 Nc6 6. Nf3 e6 7. Nc3 Qd8 8. Bd3 Nf6 9. 0-0 Be7 10. Be3 0-0 11. a3 b6 12. Ne4 Bb7 13. Rc1 Nxe4 14. Bxe4 Na5 15. Bxb7 Nxb7 16. Ne5 Bf6 17. Qd2 Nd6 18. Bf4 Nf5 19. Rfd1 Qd5 20. Rc3 Nh4 21. Nf3 Nxf3+ 22. Rxf3 Rfd8 23. Be3 Rd7 24. Qe2 Rad8 25. h3 e5 26. Bh6 Qe6 27. d5 Rxd5 28. Rxd5 Qxd5 29. Kh2 Qe6 30. Bc1 e4 31. Re3 Be5+ 32. Kg1 f5 33. b4 Qd5 34. Qe1 Qc4 35. Re2 Rd3 36. Re3 Rd5 37. Re2 Qb3 38. Bd2 Rd3 39. Re3 Qxa3 40. Rxd3 Qxd3 41. Qc1 Kf7 42. Bg5 h6 43. Bd2 Qd4 44. Qd1 Kf6 45. g3 g6 46. Qc2 Qd6 47. Bc3 Qd3 48. Bxe5+ Kxe5 49. Qc7+ Kd4 50. Qxa7 Qb5 51. Qg7+ Kd3 52. Qxg6 Qxb4 53. Qxf5 Qc5 54. Qd7+ Qd4 55. Qb5+ Kd2 56. Qc6 h5 57. Qh6+ Kc2 58. Qxh5 Qc4 59. g4 b5 60. g5 b4 61. Qe8 b3 62. g6 b2 63. g7 b1Q+ 64. Kh2 Qbb3 65. g8Q Qxg8 0-1